Vytvorenie webovej stránky o štúdiu informačných technológií na slovenských univerzitách

Gespeichert in:
Bibliographische Detailangaben
1. Verfasser: Radičová, Adela (Verfasst von)
Weitere Verfasser: Stašová, Oľga (Betreuung Doktorarbeit)
Format: Manuskript Buch
Sprache:Slowakisch
Veröffentlicht: Bratislava : STU v Bratislave FEI, 2023
Schlagworte:
Online-Zugang:https://opac.crzp.sk/?fn=detailBiblioFormChildEPAAR&sid=925BFB95FAA30F229D97CC019F0C&seo=CRZP-detail-kniha
Tags: Tag hinzufügen
Keine Tags, Fügen Sie das erste Tag hinzu!

MARC

LEADER 00000ntm a22000003a 4500
001 stuzp92793
003 SK-STU
005 20241113131606.7
007 ta
008 150427s2015----xo-----f-mn---000-0-slo-d
040 |a STU  |b slo 
041 0 |a slo 
044 |a xo 
100 1 |a Radičová, Adela  |u 035000  |4 aut  |U FEI Fakulta elektrotechniky a informatiky  |T FEI Ústav informatiky a matematiky  |X 111425  |U E050  |Y 816  |7 111425 
242 0 1 |a Creating a website devoted to the study of information technologies at Slovak universities  |y eng 
245 1 0 |a Vytvorenie webovej stránky o štúdiu informačných technológií na slovenských univerzitách 
260 |a Bratislava :  |b STU v Bratislave FEI,  |c 2023 
300 |a 71 s., príl. 
650 4 |a PHP  |2 slo 
650 4 |a HTML  |2 slo 
650 4 |a CSS  |2 slo 
650 4 |a JavaScript  |2 slo 
650 4 |a webová stránka  |2 slo 
650 4 |a CSS  |2 eng 
650 4 |a JavaScript  |2 eng 
650 4 |a website  |2 eng 
650 4 |a HTML  |2 eng 
650 4 |a PHP  |2 eng 
700 1 |a Stašová, Oľga  |u 035000  |k Z1  |4 ths  |U FEI Fakulta elektrotechniky a informatiky  |T FEI Ústav informatiky a matematiky  |X 3695  |U E050  |Y 816  |7 A000003695 
856 4 |u https://opac.crzp.sk/?fn=detailBiblioFormChildEPAAR&sid=925BFB95FAA30F229D97CC019F0C&seo=CRZP-detail-kniha